00390nam a22001457a 4500003000400000005001700004008004100021020001800062040000900080082001700089100002300106245006700129260003900196300000900235OSt20210304094022.0210304b ||||| |||| 00| 0 eng d a9789351380931 coclc a420.9bWOO/O a Wood, Frederick T aAn Outline History Of The English Language /cFrederick T Wood aNew Delhi:bTrinity Press, c2016. a230p